| 000 | 00596nam a2200169 a 4500 | ||
|---|---|---|---|
| 005 | 20140310183540.0 | ||
| 008 | 111019s19uu xx 00 eng d | ||
| 020 | _a9780415472302 | ||
| 050 |
_aRC 337 _b.R475 2010 |
||
| 245 |
_aResearching, reflecting and writing about work : _bguidance on traning course assignments and research for psychotherapists and counsellors. / _cEdited by: Fiona Gardner et. al. ; |
||
| 260 |
_aLondon : _bRoutledge, _c2009. |
||
| 300 |
_a154 p. : _bill. ; _c24 cm. |
||
| 521 | _aPSYCH | ||
| 650 |
_aPsychotherapy _xResearch |
||
| 942 |
_cBK _2lcc _kFOR |
||
| 999 |
_c24779 _d24779 |
||